Normal view
MARC view
Entry Personal Name
001 - CONTROL NUMBER
- control field: 1179923
003 - CONTROL NUMBER IDENTIFIER
- control field: OSt
005 - DATE AND TIME OF LATEST TRANSACTION
- control field: 20260324125936.0
008 - FIXED-LENGTH DATA ELEMENTS
- fixed length control field: 260324|| aca||aabn | a|a d
040 ## - CATALOGING SOURCE
- Original cataloging agency: OSt
- Transcribing agency: OSt
100 ## - HEADING--PERSONAL NAME
- Personal name: Brad Olsen
670 ## - SOURCE DATA FOUND
- Source citation: Work cat.: (OSt)1775606: Brad Olsen, Teaching What They Learn, Learning What They Live
